A search for common ground

Αποθηκεύτηκε σε:
Λεπτομέρειες βιβλιογραφικής εγγραφής
Άλλοι συγγραφείς: Gould, Peter 1932- (Επιμελητής έκδοσης), Olsson, Gunnar 1935- (Επιμελητής έκδοσης)
Μορφή: Βιβλίο
Γλώσσα:English
Δημοσίευση: London : Pion, c1982.
Θέματα:
Ετικέτες: Προσθήκη ετικέτας
Δεν υπάρχουν, Καταχωρήστε ετικέτα πρώτοι!

MARC

LEADER 00000cam a2200000 i 4500
001 1/102199
008 000224s1982 eng d
020 |a 0850860938 
035 |l 10057984 
040 |a GR-MY-UA  |b gre  |e aacr 
041 0 |a eng 
082 0 |a 910.01 
245 1 2 |a A search for common ground /   |c edited by Peter Gould and Gunnar Olsson.  
260 |a London :   |b Pion,   |c c1982.  
300 |a 277 σ. ;   |c 24 εκ.  
504 |a Περιλαμβάνει βιβλιογραφίες και ευρετήριο.  
650 0 0 |a Geography  |x Philosophy. 
700 1 |a Gould, Peter  |d 1932-  |e edt 
700 1 |a Olsson, Gunnar  |d 1935-  |e edt 
852 |a INST  |b LESVOS  |e 20000224  |h 910.01 SEA  |p 005100024066  |q 005100024066  |t BK  |y 0 
901 |a BIBL1-2000-2 
909 |a Λ  |b 073338 
922 |a 1ΕΛΗ  |b 200001  |c ΚΠΣ/ΤΓ  |d LEADER 
950 |a 118-1999-09-03 
970 |z 2000/04/ΜΙΧΑΗΛΙΔΟΥ ΑΝΝΑ